Botswana True or False? - Statistics

General Stats
  • This quiz has been taken 197 times
    140 since last reset
  • The average score is 12 of 15
Answer Stats
Question Answer % Correct
Botswana declared independence from France in 1966 False
95%
Afrikaans is one of Botswana's official languages False
95%
Botswana has the highest population of wild African elephants in the world True
95%
Pula (the name of Botswana's currency) is the Setswana word for rain True
95%
Victoria Falls are located less than 100km away from Botswana True
90%
Botswana's San Bushmen make clicking sounds to communicate True
85%
Botswana used to be called Bechuanaland True
85%
Over 50% of Botswana's land is part of the Kalahari Desert True
85%
Botswana has no leopards False
80%
Botswana has a population of White and Black Rhinoceroses True
80%
Botswana shares a 150 metre border with Zambia, dividing Zimbabwe and Namibia True
80%
Botswana is one of the least densely populated countries in the world True
75%
The Limpopo River flows into the Okavango Delta False
70%
Botswana is the world's largest diamond producer by quantity False
45%
Botswana used to have a small exclave on the Atlantic coast that it ceded to Namibia in 2004. Since then it has been land locked. False
45%
No matching quizzes found
Score Distribution
Percent of People with Each Score
Percentile by Number Answered
Your Score History
You have not taken this quiz since the last reset